000 00291nam a2200121Ia 4500
008 220120s9999||||xx |||||||||||||| ||und||
082 _a004.6 STR
100 _aStrebe, Mathew
_911737
245 0 _aMCSE: NT server study
260 _aTechmedia
_c1998
300 _b0
650 _aConstitution
999 _c136998
_d136998